Jeff. : ang mabait na jeep / (Record no. 21668)

000 -LEADER
fixed length control field 00461nam a22001457a 4500
003 - CONTROL NUMBER IDENTIFIER
control field OSt
005 - DATE AND TIME OF LATEST TRANSACTION
control field 20260121135618.0
008 - FIXED-LENGTH DATA ELEMENTS--GENERAL INFORMATION
fixed length control field 260120t2009 xxu |||| |||| 00| 0 eng d
040 ## - CATALOGING SOURCE
Transcribing agency csu
100 ## - MAIN ENTRY--PERSONAL NAME
Personal name Concepcion, Ofelia E.
Relator term author.
245 ## - TITLE STATEMENT
Title Jeff. : ang mabait na jeep /
Statement of responsibility, etc orihinal na kuwento ni Ofelia E. Concepcion
260 ## - PUBLICATION, DISTRIBUTION, ETC. (IMPRINT)
Date of publication, distribution, etc c2009.
Place of publication, distribution, etc [Place of publication not identified]:
Name of publisher, distributor, etc [name of publisher not identified],
300 ## - PHYSICAL DESCRIPTION
Extent 16 pages.
942 ## - ADDED ENTRY ELEMENTS (KOHA)
Koha item type Books
Source of classification or shelving scheme
Holdings
Source of acquisition Price effective from Permanent Location Date last seen Not for loan Date acquired Koha item type Collection code Shelving location Barcode Damaged status Lost status Withdrawn status Current Location Full call number
Donation 2026-01-20Cagayan State University - Carig Library2026-01-20 2026-01-20BooksChildren SectionChildren SectionC000494   Cagayan State University - Carig LibraryCS C494 C7442 2009

Cagayan State University University Library, Carig Campus
Tuguegarao City, Cagayan 3500 | www.csucarig.edu.ph

Powered by Koha